[Event "18th Reykjavik op"]
[Site "Reykjavik ISL"]
[Date "1998.03.13"]
[Round "4.24"]
[White "Ragnarsson, Johann"]
[Black "Bjornsson, Tomas"]
[Result "0-1"]
[WhiteElo "2110"]
[BlackElo "2235"]
[EventDate "1998.03.10"]
[PlyCount "86"]

1.d4 Nf6 2.c4 e6 3.Nc3 c5 4.d5 exd5 5.cxd5 d6 6.e4 g6 7.f4 Bg7 8.Bb5+ Nfd7
9.a4 O-O 10.Nf3 a6 11.Bc4 Re8 12.O-O Nb6 13.Bd3 Bg4 14.h3 Bxf3 15.Qxf3 
N8d7 16.a5 Nc8 17.Kh1 Qc7 18.Ra4 Rb8 19.e5 dxe5 20.f5 Nd6 21.fxg6 fxg6 22.
Bg5 c4 23.Be2 Nc5 24.Rxc4 Nxc4 25.Bxc4 Kh8 26.Qf7 Qxf7 27.Rxf7 e4 28.Be7 
Nd3 29.Bd6 Rbd8 30.Bc7 Ne5 31.Bxe5 Bxe5 32.Nxe4 Bb8 33.Nd2 Re1+ 34.Nf1 Bd6
35.g4 Rf8 36.Rxf8+ Bxf8 37.Kg2 Bb4 38.b3 Bxa5 39.Kf2 Re8 40.Be2 b5 41.Ng3 
Bb6+ 42.Kf3 Re3+ 43.Kf4 g5+ 0-1

[Event "18th Reykjavik op"]
[Site "Reykjavik ISL"]
[Date "1998.03.13"]
[Round "4.26"]
[White "Rasmussen, Rogvi"]
[Black "Thorfinnsson, Bjoern"]
[Result "1-0"]
[WhiteElo "2115"]
[BlackElo "2100"]
[EventDate "1998.03.10"]
[PlyCount "119"]

1.d4 Nf6 2.c4 e6 3.g3 d5 4.Bg2 c6 5.Nf3 b6 6.O-O Ba6 7.cxd5 exd5 8.Nc3 Bd6
9.Re1 O-O 10.Bg5 Be7 11.Rc1 Nbd7 12.Ne5 Nxe5 13.dxe5 Nd7 14.Bxe7 Qxe7 15.
f4 Nc5 16.b4 Ne6 17.Qa4 Bb7 18.e3 d4 19.Ne4 a5 20.b5 cxb5 21.Qxb5 Qb4 22.
Qxb4 axb4 23.f5 Rxa2 24.fxe6 Rxg2+ 25.Kxg2 Bxe4+ 26.Kg1 fxe6 27.Rc4 b3 28.
exd4 Bd5 29.Rb4 Rc8 30.Rb1 Rc3 31.Rxb6 Kf7 32.Kf2 Kg6 33.Rd6 Be4 34.Re1 
Rc2+ 35.Ke3 b2 36.Rb1 Bf5 37.Rb6 Rc3+ 38.Kd2 Rc2+ 39.Ke3 Rc3+ 40.Kd2 Rc2+ 
41.Ke3 Rc3+ 42.Kd2 Rc2+ 43.Kd1 Rc4 44.R1xb2 Rxd4+ 45.Rd2 Bg4+ 46.Kc2 Re4 
47.Rb5 Be2 48.Rc5 Bc4 49.Rd7 Bd5 50.Rcc7 Re2+ 51.Kc3 Rxh2 52.Rxg7+ Kf5 53.
Rxh7 Rg2 54.Kd4 Rd2+ 55.Ke3 Rg2 56.Rh5+ Kg6 57.Rch7 Rxg3+ 58.Kf4 Rg4+ 59.
Kxg4 Bf3+ 60.Kh4 1-0

[Event "18th Reykjavik op"]
[Site "Reykjavik ISL"]
[Date "1998.03.13"]
[Round "4.27"]
[White "Edvardsson, Kristjan"]
[Black "Olafsson, Thorvardur"]
[Result "1-0"]
[WhiteElo "2205"]
[BlackElo "2015"]
[EventDate "1998.03.10"]
[PlyCount "79"]

1.Nf3 e6 2.d4 Nf6 3.g3 b6 4.c4 Bb4+ 5.Bd2 Bxd2+ 6.Qxd2 Bb7 7.Nc3 d6 8.Bg2 
Nbd7 9.O-O O-O 10.b4 Qe7 11.Rfe1 c5 12.bxc5 dxc5 13.d5 exd5 14.cxd5 Ne5 
15.Nxe5 Qxe5 16.e4 Rad8 17.f4 Qb8 18.e5 Nd7 19.Qe2 Rfe8 20.Qh5 Nf8 21.Rad1
a6 22.Ne4 c4 23.Nf6+ gxf6 24.exf6 Rd6 25.Qh6 Rxf6 26.Qxf6 Qd8 27.Qxd8 Rxd8
28.Re7 Nd7 29.f5 b5 30.f6 c3 31.Bh3 Bc8 32.d6 Nxf6 33.Bxc8 Rxc8 34.Rc7 Rd8
35.Rxc3 Ne4 36.Rc6 a5 37.d7 Kf8 38.Re1 f5 39.Rc7 Nf6 40.Rc8 1-0

[Event "18th Reykjavik op"]
[Site "Reykjavik ISL"]
[Date "1998.03.13"]
[Round "4.28"]
[White "Halldorsson, Jon Arni"]
[Black "Palsson, Halldor"]
[Result "0-1"]
[WhiteElo "2185"]
[BlackElo "2145"]
[EventDate "1998.03.10"]
[PlyCount "72"]

1.d4 Nf6 2.Nf3 b6 3.g3 Bb7 4.Bg2 c5 5.c4 e6 6.d5 exd5 7.Nh4 g6 8.Nc3 Bg7 
9.O-O O-O 10.cxd5 d6 11.e4 Na6 12.f4 Re8 13.Re1 Nc7 14.e5 Nd7 15.Ne4 Bf8 
16.Nxd6 Bxd6 17.exd6 Rxe1+ 18.Qxe1 Nxd5 19.f5 Qf6 20.fxg6 hxg6 21.Qe4 Qxd6
22.Bh6 N7f6 23.Qd3 Kh7 24.Bg5 Rd8 25.Rd1 Qe6 26.Bf3 Rd7 27.Qb3 Ng4 28.Ng2 
Bc6 29.Bc1 Ne5 30.Be2 Nb4 31.Qe3 Rxd1+ 32.Bxd1 Nf3+ 33.Bxf3 Qxe3+ 34.Bxe3 
Bxf3 35.Kf2 Bxg2 36.Kxg2 Nxa2 0-1

[Event "18th Reykjavik op"]
[Site "Reykjavik ISL"]
[Date "1998.03.13"]
[Round "4.29"]
[White "Kjartansson, David"]
[Black "Briem, Stefan"]
[Result "1/2-1/2"]
[WhiteElo "2100"]
[BlackElo "2185"]
[EventDate "1998.03.10"]
[PlyCount "150"]

1.Nf3 Nf6 2.d4 e6 3.e3 b6 4.Bd3 Bb7 5.Nbd2 d5 6.Ne5 Bd6 7.f4 O-O 8.Qf3 c5 
9.c3 Nbd7 10.O-O Rc8 11.g4 g6 12.Rf2 Ne4 13.Nxe4 dxe4 14.Bxe4 Bxe4 15.Qxe4
f5 16.gxf5 Nf6 17.Qg2 exf5 18.Rf3 Rc7 19.Bd2 Ne4 20.Raf1 Rg7 21.Kh1 g5 22.
Rg1 g4 23.Be1 Qf6 24.Rff1 h5 25.Nc4 Qe6 26.b3 Be7 27.Ne5 Kh7 28.c4 Bf6 29.
Qc2 Rfg8 30.Qe2 Qe8 31.Qc2 Qa8 32.d5 Qe8 33.Nd3 h4 34.Nf2 Nd6 35.Nd1 Qh5 
36.Rg2 h3 37.Rgg1 Re8 38.Qd3 Rge7 39.Bf2 Ne4 40.Bg3 Qg6 41.Re1 Kg7 42.a3 
Rd8 43.Re2 Qe8 44.Be1 Kf8 45.Nf2 Nd6 46.Bc3 Bh4 47.Be5 Qh5 48.Bxd6 Rxd6 
49.Nxg4 fxg4 50.e4 Qg6 51.Qe3 Rd8 52.e5 Rg7 53.Qe4 g3 54.hxg3 h2 55.Rgg2 
Qxe4 56.Rxe4 Bxg3 57.f5 Re8 58.f6 Rg5 59.e6 Re5 60.Rxe5 Bxe5 61.f7 Rd8 62.
Rg5 Bd6 63.Kg2 Ke7 64.Kh1 Kf6 65.Rg8 Rf8 66.Rxf8 Bxf8 67.Kxh2 Bd6+ 68.Kg2 
Kg5 69.Kf3 Kf5 70.Ke3 a5 71.Kf3 Be7 72.Kg3 Kg5 73.a4 Bd6+ 74.Kf3 Kf5 75.
Ke3 Ke5 1/2-1/2

[Event "18th Reykjavik op"]
[Site "Reykjavik ISL"]
[Date "1998.03.13"]
[Round "4.30"]
[White "Kristjansson, Stefan"]
[Black "Petermann, Hubert"]
[Result "1-0"]
[WhiteElo "2255"]
[BlackElo "2125"]
[EventDate "1998.03.10"]
[PlyCount "71"]

1.e4 c5 2.Nf3 Nc6 3.d4 cxd4 4.Nxd4 Nf6 5.Nc3 e5 6.Ndb5 d6 7.Bg5 a6 8.Na3 
b5 9.Bxf6 gxf6 10.Nd5 Be6 11.c3 Bg7 12.Nc2 O-O 13.Nce3 Rb8 14.Be2 a5 15.
Bg4 Kh8 16.Bf5 Ne7 17.Nxe7 Qxe7 18.Qh5 h6 19.O-O Rg8 20.Rfd1 Bf8 21.h4 Qb7
22.Nd5 Bxd5 23.Rxd5 Qc7 24.Rad1 Rb6 25.Qe2 b4 26.c4 b3 27.axb3 Rxb3 28.c5 
Qa7 29.Kh2 Qb8 30.cxd6 Rxb2 31.R1d2 Rb1 32.d7 Be7 33.Rxa5 Bb4 34.Rb5 Rxg2+
35.Kxg2 Qg8+ 36.Qg4 1-0

[Event "18th Reykjavik op"]
[Site "Reykjavik ISL"]
[Date "1998.03.13"]
[Round "4.31"]
[White "Baldursson, Hrannar"]
[Black "Gunnarsson, Arnar"]
[Result "1-0"]
[WhiteElo "2180"]
[BlackElo "2195"]
[EventDate "1998.03.10"]
[PlyCount "70"]

1.e4 c5 2.Nf3 d6 3.d4 cxd4 4.Nxd4 Nf6 5.Nc3 e6 6.Be2 a6 7.a4 Bd7 8.O-O Nc6
9.Be3 Be7 10.Qd2 O-O 11.a5 Nxa5 12.f3 Nc6 13.Rfd1 Qc7 14.Kh1 b5 15.Ra2 b4 
16.Na4 d5 17.Nxc6 Bxc6 18.Nb6 Rad8 19.e5 Qxe5 20.Bf4 Qf5 21.Bc7 Rde8 22.
Rxa6 Bd7 23.Bd3 Qh5 24.g4 Qh3 25.Bg3 Bc8 26.Nxc8 Rxc8 27.Bf1 Qh6 28.g5 Qh5
29.gxf6 Bxf6 30.Qg2 Bxb2 31.Bd6 Rfd8 32.Bxb4 Rb8 33.c3 Rbc8 34.Rb1 d4 35.
cxd4 Rd5 1-0

[Event "18th Reykjavik op"]
[Site "Reykjavik ISL"]
[Date "1998.03.13"]
[Round "4.32"]
[White "Finnlaugsson, Gunnar"]
[Black "Valgardsson, Gudjon Heidar"]
[Result "1-0"]
[WhiteElo "2215"]
[BlackElo "2114"]
[EventDate "1998.03.10"]
[PlyCount "53"]

1.e4 c5 2.Nf3 Nc6 3.d4 cxd4 4.Nxd4 g6 5.Be3 Bg7 6.Nc3 Nf6 7.h3 O-O ( 7...
Qa5 8.Nb3 Qc7 9.g3 b6 10.Bg2 Ba6 11.a4 O-O 12.Nb5 Bxb5 13.axb5 Ne5 14.O-O 
Rac8 15.Bd4 $14 {1-0 Adzic,S-Csicsay,I/HUN-chT2 1994 (38)} ) 8.Bc4 ( 8.Qd2
d5 9.exd5 Nxd5 10.Nxc6 bxc6 11.Bd4 Bxd4 ( 11...Nxc3 12.Bxc3 Qxd2+ 13.Kxd2 
Rd8+ 14.Bd3 Bf5 15.Rhe1 Rd7 $11 ) 12.Qxd4 Qa5 13.Qa4 Qb6 ( 13...Qxa4 14.
Nxa4 Nb4 $15 ) 14.Nd1 Bf5 $17 {0-1 Saltaev,M-Serper,G/Tashkent 1987 (39)} 
) 8...Nxe4 9.Bxf7+ $19 ( 9.Nxe4 d5 10.Nxc6 bxc6 11.Bd3 dxe4 12.Bxe4 Bxb2 (
12...Rb8 $19 ) 13.O-O Ba6 14.Re1 Bc3 $19 {0-1 Toth,A-Lakos,N/EU-chJW U20 
Zanka 1995 (22)} ) 9...Rxf7 10.Nxe4 Nxd4 $2 $11 ( 10...Qb6 $1 11.c3 ( 11.
Nxc6 Qxc6 12.Qd3 Bxb2 $19 ) 11...Qxb2 ( 11...Nxd4 12.Bxd4 Bxd4 13.Qxd4 
Qxb2 14.O-O Qb5 $1 $17 ) 12.O-O d5 13.Ng5 Rf6 14.c4 Rd6 $17 ) 11.Bxd4 Rf4 
( 11...Qa5+ 12.c3 d5 13.Bxg7 Rxg7 ( 13...dxe4 14.Bh6 Be6 $14 ) 14.Ng5 e5 
15.Nf3 Re7 16.O-O Bf5 17.Re1 Rae8 18.Re3 Be4 19.Nd2 Bf5 $11 20.Nf3 Be4 ) 
12.f3 $8 e5 $2 ( 12...Qa5+ 13.c3 d5 ( 13...Bxd4 14.Qxd4 d5 15.Qe3 ) 14.
Bxg7 Kxg7 15.Qd4+ Kg8 16.Qe3 Qc7 ( 16...e5 17.Nc5 Rf5 18.O-O b6 19.b4 Qa3 
20.Qd3 d4 21.Qe4 Rb8 22.Qd5+ Kg7 23.Qd6 Ra8 24.Qc6 bxc5 25.Qxa8 $18 ) 17.
Nd2 e5 18.O-O Rf5 19.Rfe1 Bd7 20.Nf1 Bc6 21.Nh2 $14 ) ( 12...Bxd4 13.Qxd4 
Qa5+ 14.c3 $14 ) 13.Bxe5 $16 Qh4+ ( 13...Qa5+ 14.Bc3 Bxc3+ 15.Nxc3 Rb4 16.
b3 Rb5 17.Qd4 Re5+ 18.Kf2 Qc5 19.Rhd1 $16 ) 14.Kf1 Rf8 $2 $18 ( 14...Rf7 
15.Bxg7 Qxe4 16.Bd4 $16 ) ( 14...Bxe5 15.Qd5+ Rf7 16.Qxe5 Rf5 17.Qd4 ( 17.
Qe8+ Rf8 18.Qe5 Rf5 ) 17...d5 18.Qf2 Qf4 19.Nd2 Bd7 20.Kg1 Re8 21.Nf1 $16 
) 15.Qd5+ ( 15.Bxg7 Kxg7 16.Qd4+ Kg8 17.Qd5+ Kg7 18.Qe5+ Kg8 19.g3 Qd8 ( 
19...Qh6 {- This game} ) 20.Kg2 d5 21.Rad1 $18 ) 15...Kh8 16.Bxg7+ Kxg7 
17.Qe5+ Kg8 18.g3 Qh6 ( 18...Qd8 19.Kg2 $18 ) 19.Nf6+ Kf7 20.Re1 g5 21.
Qe7+ Kg6 22.h4 Rf7 23.Qe4+ Kg7 24.Ng4 Qc6 25.Qd4+ Kg8 26.Re8+ Rf8 27.Nf6+ 
( 27.Nf6+ Kf7 28.Rxf8+ Kxf8 29.Nxh7+ $18 ) 1-0

[Event "18th Reykjavik op"]
[Site "Reykjavik ISL"]
[Date "1998.03.14"]
[Round "5.1"]
[White "De Firmian, Nick"]
[Black "Christiansen, Larry"]
[Result "1/2-1/2"]
[WhiteElo "2590"]
[BlackElo "2575"]
[EventDate "1998.03.10"]
[PlyCount "55"]

1.e4 e6 2.d4 d5 3.Nc3 Nf6 4.e5 Nfd7 5.f4 c5 6.Nf3 Nc6 7.Be3 cxd4 8.Nxd4 
Bc5 9.Qd2 Bxd4 10.Bxd4 Nxd4 11.Qxd4 Qb6 12.Qxb6 Nxb6 13.Nb5 Ke7 14.Bd3 Bd7
15.Nd4 Na4 16.O-O-O Nc5 17.h4 h5 18.Kd2 a6 19.a3 g6 20.b4 Na4 21.c4 dxc4 
22.Bxc4 Rhd8 23.Ke3 Nb6 24.Rc1 Rac8 25.Ba2 Ba4 26.g3 Bb5 27.Rhe1 Bc4 28.
Bb1 1/2-1/2

[Event "18th Reykjavik op"]
[Site "Reykjavik ISL"]
[Date "1998.03.14"]
[Round "5.2"]
[White "Hector, Jonny"]
[Black "Miles, Richard"]
[Result "1/2-1/2"]
[WhiteElo "2505"]
[BlackElo "2595"]
[EventDate "1998.03.10"]
[PlyCount "95"]

1.e4 Nc6 2.Nf3 e5 3.Bb5 Nf6 4.d4 {This is not very fashionable these days.
But then again Hector never paid much attention to fashion anyway.} 4...
exd4 5.e5 Ne4 6.O-O a6 7.Bxc6 dxc6 8.Re1 $146 {A new try, but it doesn't 
change the basic intuition that Black has no big problems in this line.} (
8.Qxd4 Bf5 9.Bf4 ( 9.Nbd2 Bc5 10.Qc4 Qd5 11.Qxd5 cxd5 $15 {
Vinkel,V-Litvinov,V/URS-chT 1967/MCD-ch/0-1 (73)} ) 9...Bc5 10.Qxd8+ Rxd8 
11.Nbd2 O-O 12.Nxe4 Bxe4 $15 {0-1 Medley,G-Morphy,P/London 1858 (25)} ) 
8...Nc5 9.Bg5 Be7 10.Bxe7 Qxe7 11.Qxd4 Bf5 12.Qc3 Ne6 {Blacks excellent 
blockade of the e5-i and active pieces gives him a clear plus here. This 
type of i-formation often gives White a headache in the spanish.} 13.Nbd2 
O-O-O 14.b4 Rd5 15.Nf1 Bg4 16.N3d2 Rhd8 17.Nc4 Qg5 $40 18.a4 Kb8 ( 18...
Nf4 19.b5 $5 Ne2+ 20.Rxe2 Bxe2 21.bxa6 bxa6 22.Nd6+ R8xd6 23.exd6 Rxd6 24.
Ng3 $13 ) 19.Nfe3 Bf3 $2 ( 19...Nf4 $1 20.Nxd5 ( 20.Nxg4 Qxg4 21.Ne3 Qg5 
$15 ) 20...cxd5 21.Nb2 Bh5 22.g3 Ne2+ 23.Rxe2 Bxe2 $15 ) 20.Kh1 $1 $16 {
This simple defensive move wins an exchange.} 20...Be4 21.f3 Bg6 22.Nxd5 
cxd5 23.Nb2 d4 24.Qc4 Nf4 25.g3 Ne6 26.Qe2 h5 27.Qf2 h4 28.gxh4 Qe7 29.Nd3
Rh8 30.Nc5 Nf4 31.Rad1 d3 32.Nxd3 Bxd3 33.cxd3 Qxb4 34.Qd2 Qxd2 35.Rxd2 
Rxh4 36.Rg1 Ne6 37.Rg4 Rh5 38.d4 c6 39.d5 ( 39.Kg2 g5 40.Kg3 $18 ) 39...
cxd5 40.Rxd5 Rf5 41.a5 ( 41.Rd7 $142 Rxf3 42.Kg2 Rf5 43.Rb4 $16 ) 41...
Rxf3 42.Rc4 Rf5 43.Kg1 Rg5+ 44.Kf2 Rh5 45.h4 g5 46.hxg5 Rxg5 47.Rc3 f6 $1 
48.Rg3 1/2-1/2

[Event "18th Reykjavik op"]
[Site "Reykjavik ISL"]
[Date "1998.03.14"]
[Round "5.3"]
[White "Hansen, Curt"]
[Black "Akesson, Ralf"]
[Result "1/2-1/2"]
[WhiteElo "2595"]
[BlackElo "2505"]
[EventDate "1998.03.10"]
[PlyCount "124"]

1.e4 c5 2.Nf3 e6 3.d4 cxd4 4.Nxd4 a6 5.Bd3 Bc5 {Diese alte Fortsetzung 
wird in letzter Zeit kaum gespielt. Schwarz hat viele Alternativen. Ribli.
} ( 5...g6 ) ( 5...Nc6 ) ( 5...Qc7 ) ( 5...Nf6 ) ( 5...d6 ) ( 5...d5 {
Dieser auf ersten Blick ueberraschende Zug, eine beliebte Variante des 
russische GMs Vyzhmanavin, ist auch gut spielbar.} ) 6.Nb3 Be7 {Frueher 
wurde 6...ie7 haeufig gespielt.} 7.O-O ( 7.Qg4 Bf6 ( 7...g6 8.Nc3 d6 9.f4 
Nd7 10.Qh3 ( 10.f5 Ne5 ) 10...b5 11.f5 Ne5 12.fxg6 Nxg6 13.O-O b4 14.Ne2 
e5 15.Qf3 Be6 16.a3 $14 ) ( 7...Nf6 8.Qxg7 Rg8 9.Qh6 Nc6 10.Nc3 Rxg2 11.
Qh3 ( 11.Bd2 ) 11...Rg8 12.Be3 d6 $14 ) 8.O-O Nc6 9.f4 d6 10.Nc3 h5 ( 
10...Nge7 11.e5 dxe5 12.Ne4 Ng6 ) ( 10...Qc7 11.e5 dxe5 12.Ne4 $44 ) 11.
Qf3 ( 11.Qg3 ) 11...Nge7 12.Be3 Qc7 13.Rad1 Rb8 $1 ( 13...b5 14.e5 {[%cal 
Gf3a8,Gf1f7]} ) ( 13...Nb4 14.e5 {[%cal Gf1f7]} ) 14.a4 b6 15.Rd2 {i 
Rodriguez,A-Vehi Bach,V/Manresa 1997} ( 15.Rd2 Bxc3 $1 16.bxc3 Bb7 $13 ) )
( 7.Nc3 d6 8.f4 Nd7 9.Qf3 Qc7 10.Bd2 b6 11.e5 Bb7 12.exd6 Bxf3 13.dxc7 Bb7
14.f5 e5 15.Be4 Bxe4 16.Nxe4 Rc8 $11 ) ( 7.c4 d6 ( 7...Qc7 8.Nc3 Nf6 9.Be3
d6 ( 9...b6 $2 10.Na4 $16 {[%csl Rb6]} ) 10.a4 b6 11.a5 $14 ) 8.Nc3 Nf6 9.
O-O O-O 10.Be3 b6 11.f4 Nbd7 12.Qf3 Bb7 13.Qh3 Re8 14.Rad1 Qc8 {[%cal 
Gc8h3]} 15.g4 g6 16.g5 Nh5 $13 ) 7...d6 8.Qg4 ( 8.c4 Nf6 9.Nc3 Nc6 10.Qe2 
Ne5 11.Rd1 Qc7 12.Bf4 b6 13.Rac1 O-O 14.Nd2 Bb7 15.Bb1 Rac8 16.b3 Nfd7 17.
Nf1 Rfd8 18.Qh5 Ng6 19.Be3 Bf6 20.Ng3 b5 21.Nce2 bxc4 22.Rxc4 Qb8 23.Rxc8 
Rxc8 24.Qa5 Nge5 25.Qd2 Be7 26.Bd4 Qa8 27.Bb2 d5 {Borocz,I-Glek,I/FSGM Feb
1998/0-1 (43)} ) 8...g6 {Dieser Zug schwaecht die schwarze K@warze 
nigsstellung, aber Schwarz kann mit spaeterem ...i f6 seine Entwicklung 
beenden.} ( 8...Bf6 9.Rd1 $1 ( 9.Qg3 Nc6 10.N1d2 Nge7 ( 10...b5 11.a4 Rb8 
12.axb5 axb5 13.f4 $14 ) 11.Nc4 Ne5 12.Nxe5 dxe5 13.Be3 $14 {[%csl Rf6]} )
( 9.Nc3 Ne7 10.Be3 O-O 11.Rad1 Nd7 12.f4 Qc7 13.Qh3 $14 ) 9...Nc6 10.Qg3 
Nge7 11.Nc3 O-O 12.Bf1 d5 13.Kh1 $5 d4 $2 ( 13...Nb4 $5 ) 14.Ne2 Qb6 15.c3
$1 {1-0 Aseev,K-Kengis,E/Vilnius 1997 (38)} ) 9.Qe2 ( 9.Nc3 Nd7 10.f4 Ngf6
11.Qe2 Qc7 12.Bd2 b6 13.Rae1 Bb7 14.e5 Nd5 15.Nxd5 Bxd5 16.exd6 Bxd6 17.c4
Bb7 18.Bc3 O-O 19.Qg4 Nc5 20.Nxc5 Bxc5+ 21.Kh1 Rad8 $132 {0-1 
Torres,J-Smirin,I/NY op 1998 (37)} ) 9...Nd7 ( 9...Nc6 10.c4 Qc7 11.Be3 
Ne5 12.Nc3 Bd7 13.Rac1 Nf6 14.Nd2 O-O 15.h3 Rfc8 16.b3 Qa5 17.Bb1 Be8 18.
f4 Ned7 19.Qf2 b5 20.Ne2 b4 21.Kh1 Qc7 22.f5 Ne5 23.fxe6 fxe6 24.Bg5 Nh5 
25.Bh6 Bd7 26.Nf3 Nf7 27.Bd2 Qb7 28.e5 {1-0 Dorfman,J-Shchekachev,A/Open, 
Cannes FRA 1998 (40)} ) 10.c4 $14 {Mit der Partiefortsetzung verhindert 
Wei@ndert den m@ glichen Raumgewinnzug ...b7-b5.} 10...Qc7 ( 10...Ngf6 11.
Bh6 {[%csl Re8,Gh6]} ) 11.Nc3 Ne5 12.f4 {Wei@-b5. gibt das Laeuferpaar 
auf, aber dem Laeufer d3 bieten sich keine aktiven M@iven glichkeiten.} 
12...Nxd3 13.Qxd3 Nf6 14.Nd4 Bd7 {Schwarz mu@arz den Laeufer auf dieser 
Diagonale halten, denn im Fall von z.B. 14...b6 und l5...ib7 gewinnt der 
wei@nt e Vorsto@b7 f4-f5 noch an Kraft.} ( 14...O-O 15.f5 $40 {[%cal 
Gc1h6]} ) 15.b3 ( 15.Bd2 Rc8 16.b3 $14 ) 15...Rc8 {[%cal Gc8c3] Wegen der 
schwarzen Drohung 16...b5 mu@.b5 Wei@b5 den Springer c3 decken.} 16.Bb2 ( 
16.Bd2 ) 16...O-O 17.Kh1 Rfd8 {Wei@n. hat gro@n. en Raumvorteil, aber die 
schwarze Stellung ist fest und gut verteidigungsfaehig.} 18.Rae1 Be8 {
[%cal Ge8f7] Ein prophylaktischer Zug. Schwarz verteidigt den Bauern f7.} 
( 18...Bf8 19.e5 dxe5 20.fxe5 Nh5 21.Qf3 Bc6 ( 21...Be8 22.Nxe6 fxe6 23.
Qxf8# ) 22.Nxc6 bxc6 23.Ne4 $40 {[%csl Rf6,Rg8,Rh5]} ) 19.f5 ( 19.e5 dxe5 
20.fxe5 Ng4 ( 20...Nh5 ) 21.Qe4 f5 $15 ( 21...Nxe5 22.Qxe5 Qxe5 23.Rxe5 
Rxd4 24.Nd5 $14 {[%csl Rd4][%cal Rb2d4,Rd5e7]} ) 22.exf6 $2 Qxh2# ) 19...
Bd7 {Nach 19...e5 waere der Punkt d5 eine ewige Schwaeche. Es scheint, 
da@int, Schwarz hat mit 18...ie8 und 19...id7 viel Zeit verloren hat, aber
in Wirklichkeit war der Laeuferzug 18...ie8 gegen den Bauernvorsto@y14Th
19.e5 gerichtet.} 20.fxe6 fxe6 {} 21.Nd5 $1 $40 {Durch dieses sch@s ne 
Figurenopfer erlangt Wei@gt starken Angriff am K@riff nigsfluegel.} 21...
exd5 22.exd5 {[%csl Rg8][%cal Re1e7,Gb2h8,Gf1f6]} 22...Re8 $8 ( 22...Be8 
23.Ne6 {[%csl Rc7,Rd8,Ge6,Rf6][%cal Rb2f6,Rf1f6]} ) ( 22...Bf8 23.Rxf6 $16
) 23.Ne6 Bxe6 24.Rxe6 Rf8 $8 {Schwarz hat nichts Besseres. Er mu@eres. die
Figur zurueckgeben.} ( 24...Nd7 25.Rxg6+ hxg6 26.Qxg6# ) ( 24...b5 25.cxb5
axb5 26.Bxf6 Bxf6 27.Rexf6 $16 ) 25.Bxf6 Bxf6 26.Rfxf6 Rxf6 27.Rxf6 $16 {
Wei@ckgeben. besitzt einen Mehrbauern und die schwarze K@warze 
nigsstellung ist schwach.} 27...Re8 28.Re6 ( 28.h3 Re1+ 29.Kh2 Qe7 {[%csl 
Rh2][%cal Ge7e5,Re7f6]} ) 28...Qf7 29.Rxe8+ ( 29.Qe2 $5 Rf8 ( 29...Rxe6 
30.dxe6 ( 30.Qxe6 $2 Qxe6 31.dxe6 Kf8 $11 ) 30...Qe7 $16 {[%csl Ge6]} ) 
30.h3 Qf4 ( 30...Qf1+ 31.Qxf1 Rxf1+ 32.Kh2 $16 ) 31.Re8 ) 29...Qxe8 30.Qg3
Qe7 ( 30...Qe4 31.h3 Qb1+ 32.Kh2 Qxa2 33.Qxd6 Qxb3 34.c5 $16 {Der Dame ist
auf d6 gut zentralisiert und verteidigt den K@ nig gegen Schachm@t 
glichkeiten auf der Diagonalen b8-h2.} ) 31.h4 $6 {Durch diese Schwaechung
kommt Schwarz zu Gegenspiel.} ( 31.h3 $16 ) 31...Qe4 $14 {[%csl 
Ge4,Rh1,Rh4]} 32.a4 ( 32.Qxd6 $2 Qxh4+ 33.Kg1 Qe1+ $11 ) 32...a5 33.Kh2 h5
34.Qf2 Kg7 {Die wei@h1,Rh4] e Bauernmehrheit am Damenfluegel ist wegen der
eventuellen Dauerschachdrohungen des Schwarzen nicht leicht zu verwerten.}
35.Qg3 b6 36.Qc3+ Kf7 37.Qg3 Ke7 {Der schwarze K@warze nig haelt die 
Bauernschwaeche auf d6.} 38.Qf2 Qe5+ 39.g3 Qe4 {[%csl Ge4]} 40.Qxb6 {Wei@ 
beginnt eine konkrete Aktion. Sonst ist nicht klar, wie er seine Stellung 
verbessern kann.} ( 40.Qg2 Qe3 $14 {[%csl Ge3]} ( 40...Qe5 $14 ) ) 40...
Qe2+ 41.Kg1 ( 41.Kh3 Qf1+ ) 41...Qe1+ 42.Kg2 Qe4+ $1 ( 42...Qe2+ $2 43.Qf2
$16 ) ( 42...Qd2+ $2 43.Qf2 $16 ) 43.Kf2 Qc2+ 44.Kf3 ( 44.Ke3 Qc1+ $1 45.
Ke4 ( 45.Kd4 $4 Qg1+ $19 ) 45...Qb1+ $1 ( 45...Qc2+ 46.Kf4 $16 Qd2+ $2 ( 
46...Qc1+ $2 47.Qe3+ $18 ) ( 46...Qf5+ 47.Ke3 Qe5+ 48.Kf2 ( 48.Kd3 Qf5+ 
49.Kd2 $1 $16 {[%cal Gb6f2]} ) 48...Qf5+ ) 47.Qe3+ $18 ) 46.Kf4 Qf1+ 47.
Kg5 Qf5+ 48.Kh6 Qf8+ $11 49.Kxg6 Qf6+ 50.Kxh5 Qf5+ $11 {und Remis durch 
Dauerschach.} ) 44...Qd1+ 45.Kg2 Qc2+ 46.Kf3 Qd1+ 47.Kg2 Qc2+ 48.Qf2 {Das 
ist die einzige M@zige glichkeit fuer Wei@keit auf Gewinn zu spielen.} 
48...Qxb3 {[%csl Ra4,Gb3,Rc4]} 49.Qa7+ Kf6 50.Qd4+ ( 50.Qxa5 Qxc4 $14 {
[%csl Gc4,Gf6]} ) 50...Kf7 51.Qf4+ Kg7 52.Qd4+ Kf7 53.Qe4 $5 Qxa4 54.Qe6+ 
Kg7 55.Qe7+ Kh6 56.Qf8+ {Wei@b3,Rc4] demonstriert durch die Schachs die 
Ueberlegenheit seiner Stellung.} 56...Kh7 57.Qf7+ Kh6 58.Qf8+ Kh7 59.Qxd6 
{Endlich nimmt Wei@ den d-Bauern, aber die Stellung ist gleich.} 59...Qxc4
$11 60.Qe7+ Kg8 61.Qe6+ ( 61.Qd8+ Kg7 62.Qxa5 Qe2+ 63.Kg1 Qe3+ $11 ) 61...
Kg7 62.Qe5+ Kf7 {und es wurde Remis gegeben.} 1/2-1/2